000 00434nam a2200205Ia 4500
001 003856
003 YMCAF
005 20230512160236.0
008 100717s1971 ||||||||||||||||| ||und|d
024 _a3856
035 _a3861
040 _aYMCAF
_beng
_cIN-KoLT
041 _aeng
082 _aELE-LOC
100 _aLOCK WOOD F.B.
245 0 _aELECTRICAL ENGG. PRINCIPLES
260 _c1971
300 _a357
942 _2ddc
_cBK
999 _c3056
_d3056